| 000 | 00577nam a22002057a 4500 | ||
|---|---|---|---|
| 003 | DO-SdBNP | ||
| 005 | 20180221101654.0 | ||
| 008 | 160718 1997 xxu a spa d | ||
| 020 | _a0590025929 | ||
| 040 |
_aBPMSU _bspa _cBPMSU |
||
| 082 | 0 | 4 |
_axxxx _bxxxx |
| 100 | 1 | _aBourgeois, Paulette | |
| 245 | 1 | 0 |
_aFranklin“s new friend / _cPaulette Bourgeois, Brenda Clark |
| 260 |
_aNew York : _bScholastic, _c1997. |
||
| 300 |
_a[30] p. : _bil. ; _c23 cm. |
||
| 700 | 1 | 2 | _aClark, Brenda |
| 942 |
_2ddc _cBK |
||
| 945 | _ainventariado, 2018 / dg | ||
| 956 |
_2YLOCKWARD _310 _8BPMSU _a00144 |
||
| 999 |
_c12523 _d12523 |
||